| 000 | 00417nam a2200169Ia 4500 | ||
|---|---|---|---|
| 008 | 230711s9999||||xx |||||||||||||| ||und|| | ||
| 020 | _a978-93-5014-293-6 | ||
| 041 | _aENG | ||
| 082 |
_a621.385 _bGU-A |
||
| 100 | _aGupta J.B | ||
| 245 | 0 | _aAnalog devices and circuits | |
| 250 | _a1st Ed. | ||
| 260 |
_c2012 _aNew Delhi _bS.K Kataria & Sons |
||
| 300 | _a355p. | ||
| 650 | _aElectronics Engineering | ||
| 942 | _cBK | ||
| 999 |
_c9512 _d9512 |
||